000 00499nam a22001697a 4500
005 20251108165430.0
008 250721s1993 xx 000 0 ara d
082 1 4 _aم/799/منك
100 1 _aبن منكي، محمد
_eمؤلف
245 1 0 _aكتاب انس الملا بوحش الفلا /
264 1 _aعمان :
_bدار البشير،
_c1993.
300 _a312ص.
650 1 7 _aالصيد
700 1 _aصالحية، محمد عيسي
_eتحقيق
942 _2ddc
_cREF
999 _c27775
_d27775